000 00377nam a22001577a 4500
005 20200530102252.0
008 200530b xxu||||| |||| 00| 0 eng d
041 _aeng
082 _a340
100 _aBARE ACT
_95744
245 _aTHE DELIMITATION ACT, 2002 (33-2002)
260 _aDELHI
_bPROFESSIONAL BOOK PUBLISHERS
300 _a13;p
650 _aLAW
_95701
942 _cBK
999 _c6645
_d6643